00848cam a22002174a 4500020001800000020001500018040000800033082002700041100002000068245009300088260007600181300002700257490002700284650003000311650003900341700001900380856005700399942000700456999001700463952015000480 a9789251058855 a9251058857 cDLC a341 FOO 2007 A019 Or. 1 aMosoti, Victor.10aInternational trade rules and the agriculture sector :bselected implementation issues / aRome :bFood and Agriculture Organization of the United Nations,c2007. aviii, 429 p. ;c24 cm.0 aFAO legislative study, 0aForeign trade regulation. 0aAgricultural laws and legislation.1 aGobena, Ambra.41uhttp://www.loc.gov/catdir/toc/fy0804/2008372760.html cEK c12232d12232 0010406341_000000000000000_FOO_2007_A019_OR70961627aLBAbLBAcA018d2017-08-11o341 FOO 2007 A019 Or.pRUA055872r2017-08-11w2017-08-11yEK